ბათუმის შოთა რუსთაველის სახელმწიფო უნივერსიტეტის ბიბლიოთეკა

How to Set Up a Classroom For Students with Autism : (ბიბ.ჩანაწერი № 57939)

000 -LEADER
fixed length control field 00941nam a22001937a 4500
005 - DATE AND TIME OF LATEST TRANSACTION
control field 20210402170954.0
008 - FIXED-LENGTH DATA ELEMENTS--GENERAL INFORMATION
fixed length control field 210402s2012 enk||||| |||| 00| 0 eng d
020 ## - INTERNATIONAL STANDARD BOOK NUMBER
International Standard Book Number 9781480190863
041 ## - LANGUAGE CODE
Language code of text/sound track or separate title eng
080 ## - UNIVERSAL DECIMAL CLASSIFICATION NUMBER
Universal Decimal Classification number 376.2+364 L-75
100 ## - MAIN ENTRY--PERSONAL NAME
Personal name Linton, S. B.
9 (RLIN) 11041
245 ## - TITLE STATEMENT
Title How to Set Up a Classroom For Students with Autism :
Remainder of title A Manual for Teachers, Para-professionals and Administrators /
250 ## - EDITION STATEMENT
Edition statement Second Edition
264 ## - PRODUCTION, PUBLICATION, DISTRIBUTION, MANUFACTURE, AND COPYRIGHT NOTICE
Place of production, publication, distribution, manufacture Lexington,
Date of production, publication, distribution, manufacture, or copyright notice 2012.
300 ## - PHYSICAL DESCRIPTION
Extent 153 p.
Other physical details 28 cm.
653 ## - INDEX TERM--UNCONTROLLED
keyword როგორ შევქმნათ საკლასო ოთახი აუტიზმის მქონე სტუდენტებისთვის
653 ## - INDEX TERM--UNCONTROLLED
keyword სახელმძღვანელო მასწავლებლებისთვის, პარა-პროფესიონალებისა და ადმინისტრატორებისთვის
942 ## - ADDED ENTRY ELEMENTS (KOHA)
Source of classification or shelving scheme
Koha item type წიგნი
ეგზემპლარები
Withdrawn status Lost status Source of classification or shelving scheme Damaged status Not for loan Permanent Location Current Location Shelving location Date acquired Cost, normal purchase price Full call number Barcode Date last seen Copy number Price effective from Koha item type Public note
          ბათუმის შოთა რუსთაველის სახელმწიფო უნივერსიტეტის მთავარი ბიბლიოთეკა ბათუმის შოთა რუსთაველის სახელმწიფო უნივერსიტეტის მთავარი ბიბლიოთეკა წიგნსაცავი 2021-04-02 188.00 376.2+364 L-75 61291 2021-04-02 91291 2021-04-02 წიგნი 188 ლ.